00963nam a2200253Ia 4500001001100000003000800011006001900019007001500038008004100053040002100094035002100115050002400136100001100160245008500171260004400256300001000300533015200310650001600462650002500478655002900503700003500532710001700567856012500584ebr5000952CaPaEBRm u cr cn|||||||||010321s2001 vau s 000 0 eng d aCaPaEBRcCaPaEBR a(OCoLC)68063295814aPA4279b.S48 2001eb0 aPlato.14aThe seventh letterh[electronic resource] /cby Plato; translated by J. Harward. aBlacksburg, VA :bVirginia Tech,c2001. a21 p. aElectronic reproduction.bPalo Alto, Calif. :cebrary,d2010.nAvailable via World Wide Web.nAccess may be limited to ebrary affiliated libraries. 0aPlatonists. 0aPhilosophy, Ancient. 7aElectronic books.2local1 aHarward, J.q(John),db. 1858.2 aebrary, Inc.40uhttp://site.ebrary.com/lib/rucke/Doc?id=5000952zAn electronic book accessible through the World Wide Web; click to view